The landscape of history : (Record no. 63858)
[ view plain ]
| 000 -LEADER | |
|---|---|
| fixed length control field | 00840nam a2200265 a 4500 |
| 001 - CONTROL NUMBER | |
| control field | 63858 |
| 003 - CONTROL NUMBER IDENTIFIER | |
| rucl marc code | BD-RjUL |
| 005 - DATE AND TIME OF LATEST TRANSACTION | |
| control field | 20211209081236.0 |
| 008 - FIXED-LENGTH DATA ELEMENTS--GENERAL INFORMATION | |
| fixed length control field | 040217s2002 enka b 001 0 eng |
| 020 ## - INTERNATIONAL STANDARD BOOK NUMBER | |
| International Standard Book Number | 0195066529 (alk. paper) |
| 035 ## - SYSTEM CONTROL NUMBER | |
| System control number | (BD-RjUL)63988 |
| 040 ## - CATALOGING SOURCE | |
| Original cataloging agency | DLC |
| Transcribing agency | DLC |
| Modifying agency | BD-RjUL |
| Language of cataloging | eng |
| 041 ## - LANGUAGE CODE | |
| Language code of text/sound track or separate title | eng |
| 082 00 - DEWEY DECIMAL CLASSIFICATION NUMBER | |
| Classification number | 901 |
| Edition number | 23 |
| Author mark and year | GAL 2002 |
| 100 1# - MAIN ENTRY--PERSONAL NAME | |
| Personal name | Gaddis, John Lewis. |
| 9 (RLIN) | 189608 |
| 245 14 - TITLE STATEMENT | |
| Title | The landscape of history : |
| Remainder of title | how historians map the past / |
| Statement of responsibility, etc. | John Lewis Gaddis. |
| 260 ## - PUBLICATION, DISTRIBUTION, ETC. (IMPRINT) | |
| Place of publication, distribution, etc. | New York : |
| Name of publisher, distributor, etc. | Oxford University Press, |
| Date of publication, distribution, etc. | c2002. |
| 300 ## - PHYSICAL DESCRIPTION | |
| Pagination | xii, 192 p. : |
| Illustrations | ill. ; |
| Size | 22 cm. |
| 504 ## - BIBLIOGRAPHY, ETC. NOTE | |
| Bibliography, etc | Includes bibliographical references and index. |
| 650 #0 - SUBJECT ADDED ENTRY--TOPICAL TERM | |
| Topical term or geographic name as entry element | History |
| General subdivision | Philosophy. |
| 9 (RLIN) | 171874 |
| Topical term or geographic name as entry element | History |
| General subdivision | Methodology. |
| 9 (RLIN) | 189609 |
| Topical term or geographic name as entry element | Aesthetics |
| General subdivision | History. |
| 9 (RLIN) | 186080 |
| 942 ## - ADDED ENTRY ELEMENTS (KOHA) | |
| Source of classification or shelving scheme | Dewey Decimal Classification |
| Koha item type | Books |
| Lost status | Source of classification or shelving scheme | Damaged status | Not for loan | Collection code | Permanent Location | Current Location | Shelving location | Date acquired | Source of acquisition | Cost, normal purchase price | Total Checkouts | Full call number | Date last seen | Copy number | Koha item type |
|---|---|---|---|---|---|---|---|---|---|---|---|---|---|---|---|
| Dewey Decimal Classification | Not For Loan | Non-fiction | Central Library, University of Rajshahi | Central Library, University of Rajshahi | Reading Room | 01/04/2009 | Dhaka, Paragon Enterpries Ltd. | 13.95 | 901 GAL 2002 | 04/02/2017 | C-1 | Books |